000
00301nam a2200121Ia 4500
008
190216s9999||||xx |||||||||||||| ||und||
100
_a
Misra M N
245
0
_a
Money Banking International Trade And Public Finance
260
_b
S Chand & Co
_c
1987
300
_a
750p
650
_a
Commerce
942
_c
BK
999
_c
5001
_d
5001